Buteurs camerounais en Coupe du Monde - Statistiques

Statistiques générales
  • Ce quiz a été pris 110 fois
    89 depuis la dernière actualisation
  • Le résultat moyen est 5 sur 13
Statistiques - réponses
Nombre de buts Club Nom du joueur % Correct
3 Deportivo Majorque, Inter Milan Samuel Eto'o
96%
2 Al-Nassr FC Vincent Aboubakar
84%
5 JS Saint-Pierroise, Tonnerre Yaoundé Roger Milla
81%
1 Bayern Munich Eric Maxim Choupo-Moting
70%
2 Gamba Osaka, Sunderland Patrick M'Boma
45%
1 FC Nantes Jean-Charles Castelletto
42%
2 Stade Lavallois, RC Lens François Omam-Biyik
30%
1 Schalke 04 Joël Matip
28%
1 Prévoyance Yaoundé Emmanuel Kundé
14%
1 US Valenciennes Eugène Ekéké
14%
1 Olympique Mvolyé Pierre Njanka
12%
1 Canon Yaoundé Grégoire M'Bida
10%
1 Os Belenenses David Embé
4%
Aucun quiz correspondant
Distribution des résultats
% des personnes avec chaque résultat
Percentile par nombre de réponses
Votre historique - résultats
Vous n’avez pas pris ce quiz depuis la dernière actualisation